00361nam a2200121Ia 4500008004100000020001800041100001800059245006100077260002200138440002400160650001400184856004100198171212s9999 xx 000 0 und d a9780745335315 aHorne, Gerald cHorne, GeraldaPaul RobesonbThe Artist as Revolutionary bPluto Booksc2016 aRevolutionary Lives aSociology uhttp://jstor.org/stable/j.ctt19b9jxj